Temas de política social. Efectos del narcotráfico /

Na minha lista:
Detalhes bibliográficos
Autores Corporativos: Fundación Friedrich Ebert, Instituto Latinoamericano de Investigaciones Sociales ILDIS
Formato: Texto
Publicado em: La Paz: ILDIS
Tags: Adicionar Tag
Sem tags, seja o primeiro a adicionar uma tag!

MARC

LEADER 00000 a a2200000 04500
001 25493
003
040 |a CRAI/IIS  |c CRAI/IIS 
090 |a 152802  
110 |a Fundación Friedrich Ebert  
245 |a Temas de política social. Efectos del narcotráfico /  |c Fundación Friedrich Ebert  
260 |a La Paz:   |b ILDIS  
300 |a 125 p   |b **no definido**  
710 |a Instituto Latinoamericano de Investigaciones Sociales   |a ILDIS  
999 |c 16875  |d 16875